[Event "ch-AUT"]
[Site "Linz AUT"]
[Date "2011.07.24"]
[Round "2"]
[White "Frank,Emanuel"]
[Black "Denk,A"]
[Result "0-1"]
[WhiteElo "1989"]
[BlackElo "2292"]

1.e4 c5 2.Nf3 e6 3.d4 cxd4 4.Nxd4 a6 5.Nc3 Qc7 6.Bd3 Nf6 7.O-O d6 8.a4 b6
9.f4 Nbd7 10.Be3 Bb7 11.Qe2 Be7 12.Rad1 O-O 13.g4 Nc5 14.Bf2 d5 15.Bg3 Nfxe4
16.Bxe4 Nxe4 17.Nxe4 dxe4 18.g5 Bd6 19.Qg4 Rad8 20.Bh4 g6 21.Bg3 Rfe8 22.h4 e5
23.fxe5 Bxe5 24.Bxe5 Qxe5 25.Qf4 Qxf4 26.Rxf4 Re7 27.c3 Rdd7 28.Re1 Kg7 29.Rf6 h6
30.Rxb6 hxg5 31.hxg5 Re5 32.Nc6 Rxg5+ 33.Kf2 Rf5+ 34.Ke3 Rf6 35.Ne5 Rxb6
36.Nxd7 Rxb2 37.Nc5 Rb6 38.a5 Rb5 39.Nxe4 Rxa5 40.Rb1 Bxe4 41.Kxe4 Rb5 42.Ra1 f5+
43.Kd4 Rb6 44.c4 Rd6+ 45.Ke5 Rf6 46.c5 f4 47.Kd5 g5 48.c6 f3 49.c7 Rf8 50.Rg1 Kg6
51.Ke6 Kh5 52.Rd1 Rc8 53.Kd7 Rxc7+ 54.Kxc7 g4 55.Rf1 Kh4 56.Kd6 Kg3 57.Rg1+ Kf4
58.Kd5 f2 59.Ra1 g3 60.Rxa6 g2 61.Ra4+ Kf5 62.Ra8 f1=Q 63.Rf8+ Kg6  0-1

[Event "Landon Brownell Memorial"]
[Site "Los Angeles USA"]
[Date "2011.07.24"]
[Round "9"]
[White "Sevian,Samuel"]
[Black "Coleman,T"]
[Result "0-1"]
[WhiteElo "2172"]
[BlackElo "2285"]

1.e4 c5 2.Nf3 e6 3.d4 cxd4 4.Nxd4 a6 5.Nc3 Qc7 6.Be2 b5 7.O-O b4 8.Na4 Bb7
9.Re1 Nc6 10.Be3 Nf6 11.Nb3 Nxe4 12.Bf3 Nf6 13.Bb6 Qb8 14.Nac5 Be7 15.Qd2 d5
16.c4 bxc3 17.Qxc3 O-O 18.Rac1 Rc8 19.Qe3 Bd6 20.g3 Ne5 21.Nxb7 Nxf3+ 22.Qxf3 Qxb7
23.Bd4 Ne4 24.Be3 Rxc1 25.Rxc1 Rc8 26.Qd1 h6 27.Rxc8+ Qxc8 28.Qc1 Qb7 29.Nd4 Be5
30.b3 Bf6 31.Qc6 Qb4 32.Nc2 Qc3 33.Qxc3 Nxc3 34.Kf1 Nxa2 35.f4 Kf8 36.Ke2 Ke7
37.Kd3 Kd6 38.Ba7 Kc6 39.Be3 h5 40.Bd2 Kc5 41.Be3+ Kb5 42.Bd2 Bb2 43.Ne3 Nb4+
44.Ke2 a5 45.h3 Na6 46.Kd3 Nc5+ 47.Kc2 Bd4 48.g4 Ne4 49.Bc1 g6 50.gxh5 gxh5
51.Ng2 Nf2 52.h4 Ne4 53.Ne1 Nd6 54.Nf3 Nf5 55.Kd3 Bf6 56.Ng5 Bxg5  0-1

[Event "Poznan Summer Open"]
[Site "Poznan POL"]
[Date "2011.07.24"]
[Round "9.18"]
[White "Wittig,Z"]
[Black "Kaczmarek,P1"]
[Result "1-0"]
[WhiteElo "1631"]
[BlackElo "1848"]

1.e4 c5 2.Nf3 e6 3.d4 cxd4 4.Nxd4 a6 5.Nc3 Qc7 6.Be2 Nf6 7.O-O Bc5 8.Nb3 Ba7
9.Kh1 b5 10.a3 Bb7 11.Bd3 d6 12.f4 Nbd7 13.Qe2 O-O 14.Bd2 Rfc8 15.Rf3 h6
16.Rg3 Kf8 17.Qf1 d5 18.e5 Ne4 19.Bxe4 dxe4 20.Qe2 f5 21.Rd1 Rd8 22.Be3 Bxe3
23.Qxe3 Nb6 24.Nd4 Re8 25.Rg6 Qf7 26.Qg3 Bd5 27.h4 Nc4 28.Nxd5 exd5 29.e6 Qg8
30.Nxf5 Ra7 31.Nxh6 Qh7 32.Nf5 e3 33.Re1 Rxe6 34.Rxe6 Qxf5 35.R6xe3 Nxe3
36.Qxe3 Qd7 37.Qd4 Qd8 38.g3 Rd7 39.Re5 Rd6 40.Rh5 Kg8 41.Qe3 g6 42.Rg5 Kf7
43.Qd4 Qe7 44.Re5 Qf6 45.Kg2 Qd8 46.c3 Qd7 47.h5 gxh5 48.Rxh5 Qg4 49.Rh7+ Kf8
50.Rh8+ Kf7 51.Qa7+  1-0

[Event "Open NK"]
[Site "Dieren NED"]
[Date "2011.07.26"]
[Round "7"]
[White "Timmermans,M"]
[Black "Ikeda,J"]
[Result "0-1"]
[WhiteElo "2183"]
[BlackElo "2349"]

1.e4 c5 2.Nf3 e6 3.d4 cxd4 4.Nxd4 a6 5.Nc3 Qc7 6.Bd3 Nf6 7.f4 b5 8.e5 b4
9.Nce2 Nd5 10.O-O Bb7 11.Bd2 d6 12.exd6 Bxd6 13.c4 bxc3 14.bxc3 Nf6 15.Ng3 Nbd7
16.Qe2 O-O 17.Ne4 Nxe4 18.Bxe4 Bxe4 19.Qxe4 Nf6 20.Qf3 Qc4 21.Nb3 a5 22.Be3 Qxc3
23.Rac1 Qb4 24.Rfd1 Nd5 25.Rd4 Qb5 26.Rdc4 Ba3 27.Nd4 Qa6 28.R1c2 Nb4 29.R2c3 Bb2  0-1

[Event "5th AD San Juan Open"]
[Site "Pamplona ESP"]
[Date "2011.07.26"]
[Round "3"]
[White "Berbatov,K"]
[Black "Ortiz Suarez,I"]
[Result "1/2-1/2"]
[WhiteElo "2472"]
[BlackElo "2556"]

1.e4 c5 2.Nf3 e6 3.d4 cxd4 4.Nxd4 a6 5.Nc3 Qc7 6.Bd3 Nf6 7.O-O d6 8.f4 Nbd7
9.Kh1 b5 10.Qe2 Bb7 11.Bd2 Be7 12.b4 O-O 13.a4 bxa4 14.Rxa4 Nb6 15.Ra2 d5
16.e5 Ne4 17.Nxe4 dxe4 18.Bxa6 Rfd8 19.c3 Bd5 20.Raa1 Rxa6 21.Qxa6 Bc4 22.Qa5 Ra8
23.Qxa8+ Nxa8 24.Rxa8+ Bf8 25.Re1 Bd5 26.Raa1 Qc4 27.Rab1 h5 28.Kg1 Be7 29.Rb2 Bh4
30.g3 Bd8 31.Rc2 e3 32.Bxe3 Bb7 33.h4 Bb6 34.Kh2 Be4 35.Rce2 Bd3 36.Rd2 Qxc3
37.Nf3 Be4 38.Ng5 Bd5 39.Rde2 Bxe3 40.Rxe3 Qxb4 41.R3e2 Qc4 42.Rb2 Kf8 43.Ra1 Qc7
44.Rf2 f6 45.exf6 gxf6 46.Nh3 Kg7 47.Re1 Qc3 48.Rg1 Bf3 49.Rgf1 Be4 50.Ng1 Kg6
51.f5+ Bxf5 52.Rxf5 exf5 53.Nh3 Kf7 54.Rxf5 Qe3 55.Rf2  1/2-1/2

[Event "9th Metropolitan Invitational"]
[Site "Los Angeles USA"]
[Date "2011.07.29"]
[Round "4"]
[White "Peters,Ja"]
[Black "Mateer,Amanda Rae"]
[Result "1-0"]
[WhiteElo "2377"]
[BlackElo "2096"]

1.e4 c5 2.Nf3 e6 3.d4 cxd4 4.Nxd4 a6 5.Nc3 Qc7 6.Bd3 Bc5 7.Nb3 Be7 8.Qg4 g6
9.f4 d6 10.O-O Nf6 11.Qg3 Nbd7 12.Bd2 b5 13.Rae1 Bb7 14.Kh1 b4 15.Nd1 d5
16.exd5 Nxd5 17.Nf2 N7f6 18.Nh3 O-O 19.Ng5 Nh5 20.Qg4 Bd6 21.Nxh7 Bxf4 22.Nxf8 Rxf8
23.Qh4 Kg7 24.Bxf4 Ndxf4 25.Be4 Bxe4 26.Rxe4 e5 27.Qf2 Rh8 28.Rxb4 Ne2 29.Rh4 Qxc2
30.Nc1 Neg3+ 31.hxg3 Qxf2 32.Rxf2 Nxg3+ 33.Kh2  1-0

[Event "Czech GM Open A"]
[Site "Pardubice CZE"]
[Date "2011.07.29"]
[Round "8.87"]
[White "Lambrechts,K"]
[Black "Yakunin,A"]
[Result "1/2-1/2"]
[WhiteElo "2255"]
[BlackElo "2360"]

1.e4 c5 2.Nf3 e6 3.d4 cxd4 4.Nxd4 a6 5.Nc3 Qc7 6.Be3 Nf6 7.Bd3 Nc6 8.O-O Bd6
9.f4 Nxd4 10.e5 Bc5 11.exf6 Nf5 12.Bf2 g6 13.Bxf5 gxf5 14.Qd3 b5 15.Rae1 Kf8
16.Re5 Bxf2+ 17.Rxf2 Bb7 18.Rd2 Rg8 19.Qh3 Rg6 20.Qxh7 Rxf6 21.Nd5 Bxd5 22.Rexd5 Rd8
23.Qh8+ Ke7 24.Qh4 Qb6+ 25.R5d4 d5 26.Kf1 Rg8 27.h3 Qc6 28.c3 Rg6 29.Qh8 Rh6
30.Qb8 Qd6 31.Qxd6+ Kxd6 32.c4 bxc4 33.Rxc4 Rh8 34.Ra4 Ra8 35.Rc2 e5 36.Ra5 exf4
37.Rd2 f3 38.Rdxd5+ Ke6 39.Re5+ Kd7 40.Rxf5 fxg2+ 41.Kg1 Rxf5 42.Rxf5 Ke7
43.Ra5 Rb8 44.b3 Rb6 45.Kxg2 Kf6 46.Kf3 Kg6 47.Kg4 Rb4+ 48.Kg3 Rb6 49.Kf4 f6
50.Ke4 Re6+ 51.Kd4 f5 52.Re5 Rd6+ 53.Ke3 Kg5 54.Re8 Rh6 55.Rg8+ Kf6 56.Kf4 Rxh3
57.Ra8 Rh4+ 58.Kg3 Rd4 59.Rxa6+ Kg5 60.Kf3 Rd2 61.Ra8 Rd3+ 62.Kf2 Kg4 63.Rg8+ Kf4
64.Re8 Rf3+ 65.Kg2 Rg3+ 66.Kf2  1/2-1/2

[Event "XXXVII Open"]
[Site "Sitges ESP"]
[Date "2011.07.29"]
[Round "8"]
[White "Phadke,So1"]
[Black "Gonzalez Garcia,J2"]
[Result "1/2-1/2"]
[WhiteElo "2252"]
[BlackElo "2522"]

1.e4 c5 2.Nf3 e6 3.d4 cxd4 4.Nxd4 a6 5.Nc3 Qc7 6.Bd3 Nf6 7.O-O d6 8.f4 Nbd7
9.Kh1 Be7 10.a4 b6 11.Qe2 Bb7 12.Bd2 O-O 13.Rf3 Nc5 14.Rh3 Nxd3 15.cxd3 Qd7
16.Rf1 g6 17.f5 exf5 18.Nxf5 Bd8 19.Qe3 Ng4 20.Qg3 h5 21.Nh6+ Kg7 22.Nxg4 hxg4
23.Bh6+ Kg8 24.Rh4 Bxh4 25.Qxh4 f5 26.Qg5 Qc7 27.Bxf8 Rxf8 28.Ne2 Kg7 29.Qf4 fxe4
30.Ng3  1/2-1/2

[Event "9th Metropolitan Invitational"]
[Site "Los Angeles USA"]
[Date "2011.07.30"]
[Round "6"]
[White "Amanov,Z"]
[Black "Coleman,T"]
[Result "1-0"]
[WhiteElo "2382"]
[BlackElo "2285"]

1.e4 c5 2.Nf3 e6 3.Nc3 a6 4.d4 cxd4 5.Nxd4 Qc7 6.g3 Bb4 7.Bd2 Nf6 8.Bg2 Nc6
9.Nb3 Be7 10.a4 d6 11.a5 Ne5 12.O-O Bd7 13.f4 Nc4 14.Bc1 O-O 15.g4 Bc6 16.g5 Nd7
17.Qe2 b5 18.axb6 Qxb6+ 19.Kh1 Bb5 20.Qh5 Rfe8 21.f5 Nde5 22.Nxb5 axb5 23.Rxa8 Rxa8
24.fxe6 fxe6 25.Qh3 Kh8 26.Qxe6 Re8 27.h4 Ne3 28.Bxe3 Qxe3 29.Qxe7  1-0

[Event "Politiken Cup"]
[Site "Helsingor DEN"]
[Date "2011.07.31"]
[Round "3.26"]
[White "Hartvig,O"]
[Black "Blomqvist,E"]
[Result "0-1"]
[WhiteElo "2220"]
[BlackElo "2438"]

1.e4 c5 2.Nf3 e6 3.d4 cxd4 4.Nxd4 a6 5.Nc3 Qc7 6.g3 Bb4 7.Ne2 Nf6 8.Bg2 Be7
9.O-O Nc6 10.h3 d6 11.Be3 b5 12.a3 Bb7 13.f4 O-O 14.Qe1 Rfe8 15.Qf2 Rac8
16.g4 Nd7 17.g5 Bf8 18.Nd4 Na5 19.Nce2 Nc4 20.Bc1 Nc5 21.Ng3 e5 22.fxe5 dxe5
23.Ndf5 Ne6 24.Kh1 Nf4 25.b3 Nd6 26.Nxd6 Bxd6 27.Nf5 Bf8 28.Bxf4 exf4 29.Qxf4 Qxf4
30.Rxf4 Rxc2 31.Raf1 Rc3 32.a4 b4 33.Nd4 Rc7 34.h4 Bd6 35.Rg4 g6 36.h5 Bc8
37.Rh4 Bg3 38.Rhf4 Bxf4 39.Rxf4 gxh5 40.Nf5 Re5 41.Bf3 Bxf5 42.exf5 Rc2  0-1

[Event "Montecatini Open A"]
[Site "Montecatini Terme ITA"]
[Date "2011.07.31"]
[Round "1"]
[White "Garofalo,Si"]
[Black "Bruno,Fabi"]
[Result "0-1"]
[WhiteElo "1977"]
[BlackElo "2466"]

1.e4 c5 2.Nf3 e6 3.Nc3 a6 4.d4 cxd4 5.Nxd4 Qc7 6.Be2 Nf6 7.O-O b5 8.Bf3 Bb7
9.Re1 Nc6 10.e5 b4 11.exf6 bxc3 12.fxg7 Bxg7 13.Nf5 Bf8 14.bxc3 Nd8 15.Qd4 Rg8
16.Bf4 Qc5 17.Bxb7 Nxb7 18.Rad1 Rd8 19.Qd3 Rg6 20.Bg3 Qc6 21.Nd4 Qa4 22.Nb3 d5
23.Qf3 Be7 24.Nd4 Nc5 25.Qh5 h6 26.Qe5 Ne4 27.Qc7 Qd7 28.Qa5 Rc8 29.Rd3 Bd8
30.Qa3 Be7 31.Qb2 Nc5 32.Rde3 Rg4 33.h3 Re4 34.f3 Rxe3 35.Rxe3 Qb7 36.Qxb7 Nxb7
37.Bf4 h5 38.Re5 Rxc3 39.Rxh5 Bc5 40.Be5 Rxc2 41.Kh2 Rxa2 42.h4 Bd6 43.Rh8+ Ke7
44.Nc6+ Kd7 45.Bxd6 Kxd6 46.Na7 d4 47.h5 Ra5 48.Nc8+ Ke5  0-1

[Event "Pays de Charleroi Open"]
[Site "Charleroi BEL"]
[Date "2011.08.01"]
[Round "3.4"]
[White "Van Vlaenderen,K"]
[Black "Maes,W"]
[Result "0-1"]
[WhiteElo "2031"]
[BlackElo "2245"]

1.e4 c5 2.Nf3 e6 3.d4 cxd4 4.Nxd4 a6 5.Nc3 Qc7 6.Bd3 Nf6 7.O-O Bc5 8.Nde2 b5
9.Bf4 d6 10.a4 b4 11.Nb1 Bb7 12.Nd2 Nbd7 13.c3 Ne5 14.Bxe5 dxe5 15.Qc2 bxc3
16.Qxc3 Rc8 17.Rac1 Ng4 18.Qb3 Qe7 19.Nf3 O-O 20.h3 Nxf2 21.Rxf2 Bxf2+ 22.Kxf2 Rxc1
23.Nxc1 f5 24.exf5 e4 25.Bxe4 Bxe4 26.Qxe6+ Qxe6 27.fxe6 Bd5 28.Ke3 Bxe6
29.Nd4 Bd5 30.g3 Re8+ 31.Kd2 Bg2 32.h4 Re4 33.Nce2 Bf1 34.b3 a5 35.Ke1 Bxe2
36.Nxe2 Re3 37.Kd2 Rxb3 38.Nc3 Rb4 39.Kd3 Kf7 40.Ke3 Kg6  0-1

[Event "Prima Pack Cup GM2"]
[Site "Olomouc CZE"]
[Date "2011.08.03"]
[Round "1.2"]
[White "Wieczorek,O"]
[Black "Kanovsky,D"]
[Result "0-1"]
[WhiteElo "2374"]
[BlackElo "2478"]

1.e4 c5 2.Nf3 e6 3.d4 cxd4 4.Nxd4 a6 5.Nc3 Qc7 6.Be2 b5 7.O-O b4 8.Na4 Bb7
9.Bd3 Nf6 10.Qe2 Nc6 11.Nf3 Ng4 12.Be3 Bd6 13.g3 Qa5 14.b3 Qh5 15.Kg2 Nce5
16.h3 Nxe3+ 17.Qxe3 Qxf3+ 18.Qxf3 Nxf3 19.Kxf3 f5 20.Ke3 fxe4 21.Bxe4 Bxe4
22.Kxe4 Rc8 23.Kd3 Rf8 24.f4 Rf5 25.c4 bxc3 26.Nxc3 Ba3 27.Rad1 Rfc5 28.Ne4 R5c6
29.g4 Ke7 30.Rf2 d5 31.Ng5 Rc3+ 32.Ke2 Rc2+ 33.Rd2 Bc1 34.Rxc2 Rxc2+ 35.Kf3 Rxf2+
36.Kxf2 Bxf4 37.Nf3 e5 38.Ke2 Kd6 39.Ne1 e4 40.Nc2 Kc5 41.h4 d4  0-1

[Event "112th US Open"]
[Site "Orlando USA"]
[Date "2011.08.03"]
[Round "3"]
[White "Finney,S"]
[Black "Van Wely,L"]
[Result "0-1"]
[WhiteElo "2162"]
[BlackElo "2683"]

1.e4 c5 2.Nf3 e6 3.d4 cxd4 4.Nxd4 a6 5.Nc3 Qc7 6.Bd3 Bc5 7.Nb3 Be7 8.O-O d6
9.a4 b6 10.f4 Nd7 11.Kh1 Ngf6 12.Qe2 Bb7 13.Bd2 O-O 14.Rae1 g6 15.Nd1 Nc5
16.Nxc5 bxc5 17.e5 Nd7 18.Nf2 Qc6 19.Be4 d5 20.Bf3 Qxa4 21.c4 Qb3 22.f5 gxf5
23.g4 Nxe5 24.Bg2 Ng6 25.gxf5 exf5 26.Qh5 d4 27.Rg1 Bxg2+ 28.Rxg2 Qb7 29.Nh3 Rfe8
30.Rg1 Bf6 31.Nf4 Bg7 32.Nd5 Re5 33.Bh6 Rae8 34.Qg5 Rxd5 35.cxd5 Qxd5 36.h4 Re3
37.Rf1 f6 38.Qh5 Rg3 39.Rf2 d3 40.Bxg7 Rxg2 41.Rxg2 Qxg2+  0-1

[Event "98th ch-GBR"]
[Site "Sheffield ENG"]
[Date "2011.08.03"]
[Round "9.4"]
[White "Howell,D"]
[Black "Ansell,S"]
[Result "1-0"]
[WhiteElo "2625"]
[BlackElo "2410"]

1.e4 c5 2.Nf3 e6 3.d4 cxd4 4.Nxd4 a6 5.Nc3 b5 6.Bd3 Bb7 7.O-O Nc6 8.Nxc6 Bxc6
9.Re1 Bc5 10.e5 Qb6 11.Qe2 f5 12.a4 b4 13.a5 Bxf2+ 14.Qxf2 Qxf2+ 15.Kxf2 bxc3
16.bxc3 Ne7 17.c4 Kf7 18.g3 h6 19.h4 g5 20.hxg5 hxg5 21.Bxg5 Rh2+ 22.Ke3 Rg8
23.Bf4 Ng6 24.Kd4 Nxf4 25.gxf4 Rh4 26.Rf1 Rb8 27.Kc5 Ke7 28.Rf2 Kd8 29.Kd6 Rc8
30.Rb1 Rh1 31.Rb6 Be4 32.c5 Rb1 33.Rxa6 Bxd3 34.Rh2 Bxa6 35.Rh8+  1-0

[Event "9th ch-EU Youth U14"]
[Site "Mureck AUT"]
[Date "2011.08.04"]
[Round "2"]
[White "Lascar,R"]
[Black "Nussbaumer,Vincent"]
[Result "1-0"]
[WhiteElo "1587"]
[BlackElo "1868"]

1.e4 c5 2.Nf3 e6 3.d4 cxd4 4.Nxd4 a6 5.Nc3 Qc7 6.Be2 Nf6 7.Bg5 b5 8.Bf3 Bb7
9.Qd3 Nc6 10.Nxc6 dxc6 11.O-O-O Be7 12.Kb1 O-O 13.Qe3 c5 14.Bf4 e5 15.Bg3 Rfd8
16.Nd5 Nxd5 17.exd5 Bd6 18.Rhe1 Re8 19.Be4 Rf8 20.Bf5 g6 21.Bh4 Rfe8 22.Bf6 c4
23.Qh6 Bf8 24.Qg5 c3 25.Be4 cxb2 26.d6 h6 27.dxc7 hxg5 28.Bxb7 Rac8 29.Bxc8 Rxc8
30.Bxe5 Be7 31.Bxb2 Kf8 32.Bg7+ Kxg7 33.Rxe7 Kf6 34.Rdd7  1-0

[Event "Arad Open A"]
[Site "Arad ROU"]
[Date "2011.08.05"]
[Round "1.3"]
[White "Ardelean,R"]
[Black "Drenchev,P"]
[Result "0-1"]
[WhiteElo "1863"]
[BlackElo "2523"]

1.e4 c5 2.Nc3 e6 3.Nf3 a6 4.d4 cxd4 5.Nxd4 Qc7 6.Bd3 Nf6 7.h3 Bc5 8.Nf3 Nc6
9.a3 b5 10.Bg5 Bb7 11.Qd2 d6 12.O-O-O b4 13.Bxf6 gxf6 14.Nb1 bxa3 15.bxa3 Na5
16.Qc3 Ke7 17.Nfd2 Rhc8 18.Rhf1 Qb6 19.Qb2 Qa7 20.Qa2 Rab8 21.Rde1 Ba8 22.Kd1 Bxf2
23.Re2 Bd4 24.Nb3 Nxb3 25.cxb3 Qb6 26.Nd2 d5 27.Bc2 Rc3 28.b4 Rbc8 29.Nb3 dxe4
30.Nxd4 Qxd4+ 31.Rd2 Qc4 32.Qxc4 R8xc4 33.Re2 e3  0-1

[Event "Arad Open A"]
[Site "Arad ROU"]
[Date "2011.08.05"]
[Round "1.13"]
[White "Vrencian,Lehel"]
[Black "Petre,NT"]
[Result "0-1"]
[WhiteElo "1818"]
[BlackElo "2354"]

1.e4 c5 2.Nf3 e6 3.d4 cxd4 4.Nxd4 a6 5.Nc3 Qc7 6.Bd3 Nf6 7.O-O Bd6 8.h3 Nc6
9.Be3 b5 10.Qe2 Bb7 11.Nxc6 dxc6 12.Bg5 c5 13.Bxf6 gxf6 14.Qg4 Be5 15.Kh1 O-O-O
16.a4 f5 17.Qe2 Bxc3 18.axb5 axb5 19.exf5 Bxb2 20.Rab1 Qe5 21.Qxe5 Bxe5 22.Rxb5 Bd6
23.Rfb1 Bc6 24.Ra5 Rd7 25.fxe6 fxe6 26.Bc4 Re8 27.Rb6 Bc7  0-1

[Event "Pays de Charleroi Open"]
[Site "Charleroi BEL"]
[Date "2011.08.05"]
[Round "8.3"]
[White "Schuermans,R"]
[Black "Maes,W"]
[Result "1/2-1/2"]
[WhiteElo "2143"]
[BlackElo "2245"]

1.e4 c5 2.Nf3 e6 3.d4 cxd4 4.Nxd4 a6 5.Nc3 Qc7 6.g3 Bb4 7.Bd2 Nf6 8.Bg2 Nc6
9.Nxc6 dxc6 10.O-O Be7 11.Be3 e5 12.h3 b5 13.a4 b4 14.Na2 O-O 15.c3 bxc3
16.Nxc3 Rb8 17.Qc2 Qa5 18.Na2 Be6 19.b4 Qc7 20.Bc5 Rfd8 21.Nc1 Bxc5 22.bxc5 Rd4
23.Ra3 Rbb4 24.Rd1 Rbc4 25.Qe2 Rxd1+ 26.Qxd1 Nxe4 27.Nd3 Rd4 28.Qh5 g6 29.Qxe5 Qxe5
30.Nxe5 Bd5 31.Nd7 Kg7 32.a5 Bc4 33.Bxe4 Rxe4 34.Re3 Rd4 35.Re7 Rd1+ 36.Kh2 Ra1
37.g4 h6 38.h4 Be6 39.Nb8 Rxa5 40.Nxc6 Rxc5 41.Nd8 Bd5 42.Nb7 Bxb7 43.Rxb7 a5
44.Ra7 Kf6 45.Kg3 Ke6 46.Ra6+ Kd5 47.h5 gxh5 48.gxh5 Kc4 49.Rxh6 a4 50.Kg4 Kb4
51.Rh8 a3 52.Rb8+ Ka4 53.Rb1 a2 54.Ra1 Kb3 55.h6 Kb2 56.h7 Rc8 57.Rxa2+ Kxa2
58.Kg5 Kb3 59.Kf6 Kc4 60.Kxf7 Kd5 61.Kg7 Ke4 62.h8=Q Rxh8 63.Kxh8  1/2-1/2

[Event "50th World Juniors"]
[Site "Chennai IND"]
[Date "2011.08.05"]
[Round "4.14"]
[White "Hovhannisyan,R"]
[Black "Ikeda,J"]
[Result "1-0"]
[WhiteElo "2556"]
[BlackElo "2349"]

1.e4 c5 2.Nf3 e6 3.d4 cxd4 4.Nxd4 a6 5.Nc3 Qc7 6.Bd3 Nf6 7.Qe2 d6 8.f4 Nbd7
9.g4 Nc5 10.g5 Nfd7 11.Bd2 g6 12.f5 Ne5 13.h4 Qb6 14.Nb3 Nexd3+ 15.cxd3 Nxb3
16.Na4 Qb5 17.axb3 Bd7 18.fxe6 Bxe6 19.Nc3 Qxb3 20.Nd5 O-O-O 21.Bc3 Bxd5
22.Bxh8 Be6 23.Bf6 Re8 24.O-O Kb8 25.Rfc1 Qb5 26.Rc2 d5 27.d4 Qxe2 28.Rxe2 Bg4
29.Rf2 Rxe4 30.Be5+ Ka7 31.Rxf7 Bb4 32.Rc1 Ba5 33.Bd6 Bb6 34.Bc5 Re2 35.Bxb6+ Kxb6
36.Rcc7 Rd2 37.Rxb7+ Ka5 38.Rf1 Bd1 39.Rf2 Rxd4 40.b3  1-0

[Event "50th World Juniors"]
[Site "Chennai IND"]
[Date "2011.08.05"]
[Round "4.45"]
[White "Chaithanyaa,K"]
[Black "Kulkarni,R"]
[Result "0-1"]
[WhiteElo "2088"]
[BlackElo "2231"]

1.e4 c5 2.Nf3 e6 3.d4 cxd4 4.Nxd4 a6 5.Nc3 Qc7 6.Be2 Be7 7.Be3 b5 8.a3 Bb7
9.O-O Nf6 10.Bf3 d6 11.Nde2 Nc6 12.Ng3 Rd8 13.Re1 O-O 14.Qe2 Ne5 15.Bd4 Nfd7
16.Rad1 Nxf3+ 17.Qxf3 f5 18.Nh5 e5 19.Nd5 Bxd5 20.exd5 g6 21.Nf4 Bf6 22.Ne6 Qxc2
23.Nxf8 Rxf8 24.Qc3 Rc8 25.Qxc2 Rxc2 26.Bc3 e4 27.Bxf6 Nxf6 28.b4 Kf7 29.Rc1 Ra2
30.Rc7+ Ke8 31.Rc6 Ke7 32.Rxa6 Nxd5 33.Ra5 Nc3 34.g4 d5 35.a4 bxa4 36.Rc5 Rc2
37.Ra1 f4 38.Ra3 d4 39.Rxa4 Nxa4 40.Rxc2 d3 41.Rd2 Nb6 42.Kf1 Nc4 43.Rd1 d2
44.Ra1 f3 45.b5 Nb2 46.b6 Kd6  0-1

[Event "Tabor Open"]
[Site "Tabor CZE"]
[Date "2011.08.05"]
[Round "7.12"]
[White "Janecek,Jo"]
[Black "Mojzis,Jar"]
[Result "0-1"]
[WhiteElo "2085"]
[BlackElo "2194"]

1.e4 c5 2.Nf3 e6 3.d4 cxd4 4.Nxd4 a6 5.Nc3 Qc7 6.g3 Nf6 7.Bg2 Be7 8.O-O O-O
9.Qe2 d6 10.Be3 Nc6 11.Nxc6 bxc6 12.Na4 Rb8 13.c4 c5 14.b3 Bb7 15.Rad1 Bxe4
16.Bxe4 Nxe4 17.Bc1 Nf6 18.Bb2 Qc6 19.Qd3 Rbd8 20.Qe3 Qe4 21.Bxf6 Qxe3 22.fxe3 Bxf6
23.Rd3 Be5 24.Rfd1 Rb8 25.Kg2 f5 26.h4 g6 27.Rh1 h6 28.Rdd1 Kf7 29.Rh3 Ke7
30.Rhh1 Rfc8 31.Kf3 Kd7 32.Rhg1 Kc6 33.g4 Rg8 34.e4 Rbf8 35.gxf5 exf5 36.Rdf1 Bd4
37.Rh1 fxe4+ 38.Kxe4 Re8+ 39.Kd3 Re3+ 40.Kc2 Re2+ 41.Kd3 Rge8 42.Rh3 Rxa2
43.Nc3 Rb2 44.Ra1 Rxb3  0-1

[Event "50th World Juniors"]
[Site "Chennai IND"]
[Date "2011.08.06"]
[Round "5.18"]
[White "Valsecchi,A"]
[Black "Grandelius,N"]
[Result "0-1"]
[WhiteElo "2354"]
[BlackElo "2542"]

1.e4 c5 2.Nf3 e6 3.d4 cxd4 4.Nxd4 a6 5.Nc3 b5 6.Bd3 Qb6 7.Nb3 Qc7 8.O-O Bb7
9.f4 b4 10.Nb1 Nf6 11.Qe2 a5 12.a4 Na6 13.N1d2 Nc5 14.Nxc5 Bxc5+ 15.Kh1 h5
16.e5 Ng4 17.Ne4 f5 18.exf6 gxf6 19.Nxc5 Qxc5 20.Be4 Ba6 21.Bd3 Bxd3 22.Qxd3 f5
23.c3 Nf2+ 24.Rxf2 Qxf2 25.Be3 Qxb2 26.Rd1 Rh7 27.Bd4 Qb3 28.Re1 Rf7 29.Qf3 Rc8
30.Qxh5 bxc3 31.Bf6 Qb4 32.Qxf5 Qe7  0-1

[Event "50th World Juniors"]
[Site "Chennai IND"]
[Date "2011.08.06"]
[Round "5.10"]
[White "Shyam,N"]
[Black "Rasulov,Vu"]
[Result "1/2-1/2"]
[WhiteElo "2398"]
[BlackElo "2522"]

1.e4 c5 2.Nf3 e6 3.d4 cxd4 4.Nxd4 a6 5.Nc3 Qc7 6.Bd3 Nc6 7.Nxc6 dxc6 8.O-O Nf6
9.f4 e5 10.Qf3 Bd6 11.f5 b5 12.a4 Bb7 13.Bg5 h6 14.Bh4 Be7 15.Kh1 O-O 16.b3 Rad8
17.Nd1 Rd4 18.Bf2 Rd7 19.Be3 Bb4 20.Qg3 Kh7 21.Qh4 Be7 22.Qe1 g5 23.fxg6+ fxg6
24.Nf2 Ng8 25.Ng4 h5 26.Rxf8 Bxf8 27.Nf2 Bh6 28.Nh3 Bxe3 29.Qxe3 Qd6 30.Ng5+ Kg7
31.Nf3 Nh6 32.Qg5 Nf7 33.Qg3 Qe7 34.Rf1 Rd6 35.Nh4 Bc8 36.Nf3 Rf6 37.h3 Rf4
38.Qe1 g5 39.Ng1 g4 40.Qc3 Qf6 41.Qe1 Be6 42.axb5 cxb5 43.h4 Bd7 44.g3 Rxf1
45.Bxf1 a5 46.Bg2 a4 47.Ne2 Qb6 48.Nc3 Bc6 49.Na2 Qd4 50.Nb4 Bb7 51.c3 Qc5
52.bxa4 bxa4 53.Kh2 Qc4 54.Nc2 Qb3 55.Ne3 a3 56.Nf5+ Kh7 57.Qe3 Qb2 58.Qd3 Bc8
59.Qc4 Qb7 60.Ne3 Nd6 61.Qa2 Nb5 62.c4 Qf7 63.Nd5 Nd4 64.Qxa3 Be6 65.Qe3 Qg7
66.Qf2 Kg6 67.Qe3 Kh7 68.Qf2 Kg6 69.c5 Bd7 70.Qe3 Kh7 71.Qf2 Bb5 72.Nc3 Bc4
73.Nd5 Bb5 74.Qf6 Qxf6 75.Nxf6+ Kg7 76.Nd5 Ne6 77.Kg1 Nxc5 78.Kf2 Kf7 79.Ke3 Bc4
80.Nb6 Ba6 81.Nd5 Bb5 82.Nb4 Ke6 83.Nd5 Bc4 84.Nb6 Bb5 85.Nd5 Kf7 86.Nb6 Ba6
87.Nd5 Nd7 88.Kf2 Bd3 89.Nc3 Nf6 90.Ke3 Ba6 91.Nd5 Bb5 92.Kd2 Ne8 93.Ne3 Nd6
94.Nf5 Nb7 95.Kc3 Ba6 96.Kd2 Kf6 97.Ne3 Nc5 98.Nd5+ Kf7 99.Ke3 Bd3 100.Nb6 Bb5
101.Nd5 Nb3 102.Nc3 Bc4 103.Nb1 Ke6 104.Na3 Ba6 105.Nc2 Kd6 106.Kf2 Kc5 107.Ne3 Bc8
108.Nd5 Be6 109.Ke3 Bf7 110.Nf6 Na5 111.Bf1 Nb7 112.Nd7+ Kd6 113.Nb6 Na5
114.Na4 Bb3 115.Nb2 Bf7 116.Na4 Nc4+ 117.Bxc4 Bxc4 118.Nb2 Kc5 119.Nd1 Bb3
120.Nc3 Bf7 121.Kd3 Be6 122.Nd1 Bc4+ 123.Kc3 Bb5 124.Ne3 Bc6 125.Kd3 Kb4
126.Nf5 Be8 127.Nd6 Bb5+ 128.Ke3 Bc4 129.Nf5 Be6 130.Ng7 Bf7 131.Nf5 Kc5
132.Kd3 Bg6 133.Ne7 Be8 134.Nf5 Kc6 135.Ne3 Kd6 136.Nf5+  1/2-1/2

[Event "Politiken Cup"]
[Site "Helsingor DEN"]
[Date "2011.08.06"]
[Round "9.20"]
[White "Gagliardi,Ch"]
[Black "Blomqvist,E"]
[Result "0-1"]
[WhiteElo "2258"]
[BlackElo "2438"]

1.e4 c5 2.Nf3 e6 3.d4 cxd4 4.Nxd4 a6 5.Nc3 b5 6.Bd3 Qb6 7.Be3 Bc5 8.Be2 Nc6
9.Nxc6 dxc6 10.Bxc5 Qxc5 11.Qd2 Nf6 12.O-O-O O-O 13.Bf3 e5 14.Qd6 Qxf2 15.Qxe5 Re8
16.Qg5 Nd7 17.e5 h6 18.Qf4 Nxe5 19.Ne4 Qa7 20.Rd6 Ng6 21.Qd2 Be6 22.Nf6+ gxf6
23.Bxc6 Kg7 24.Bxa8 Qxa8 25.h4 h5 26.Qd4 Qxg2 27.Rg1 Qh2 28.Rxa6 Rc8 29.c3 Rc4  0-1

[Event "Sakkozo Magyarok World Meeting"]
[Site "Lakitelek HUN"]
[Date "2011.08.06"]
[Round "1.24"]
[White "Kormanyos,A"]
[Black "Szente Varga,F"]
[Result "0-1"]
[WhiteElo "1687"]
[BlackElo "1965"]

1.e4 c5 2.Nf3 e6 3.d4 cxd4 4.Nxd4 a6 5.Nc3 Qc7 6.Bd2 b5 7.g4 Bb7 8.f3 Be7
9.Be3 Bh4+ 10.Bf2 Bxf2+ 11.Kxf2 Qb6 12.Ke1 Nc6 13.Nxc6 dxc6 14.Qe2 Ne7 15.Rd1 Ng6
16.Qd2 O-O 17.h4 e5 18.h5 Nf4 19.h6 Rfd8 20.Qh2 Qe3+ 21.Be2 g6 22.Qf2 Rxd1+
23.Nxd1 Qxf2+ 24.Nxf2 f6 25.Nd3 Ne6 26.Kf2 Kf7 27.Rd1 Rd8 28.Ke3 g5 29.c3 c5
30.Rh1 c4 31.Nf2 Nf4 32.Nh3 Kg6 33.Rh2 a5 34.a3 Ba6 35.Rh1 Ne6 36.Rh2 Nc5
37.Rh1 Na4 38.Nf2 Nxb2 39.Rh2 Na4 40.Nd1 Bc8 41.Rh1 Be6 42.Rh2 Rb8  0-1

[Event "3rd Muelheimer UrlaubsOpen"]
[Site "Muelheim GER"]
[Date "2011.08.06"]
[Round "3"]
[White "Walter,A"]
[Black "Torres Kuckel,R"]
[Result "1/2-1/2"]
[WhiteElo "1884"]
[BlackElo "2243"]

1.e4 c5 2.Nf3 e6 3.Nc3 a6 4.d4 cxd4 5.Nxd4 Qc7 6.Bd3 Nf6 7.f4 d6 8.Qf3 Nbd7
9.g4 h6 10.Bd2 b5 11.a4 bxa4 12.Rxa4 Nc5 13.Ra1 Bb7 14.O-O Be7 15.g5 Nh7
16.g6 fxg6 17.Qg4 Nf8 18.f5 Nxd3 19.cxd3 Bf6 20.Nxe6 Nxe6 21.fxe6 g5 22.Qh5+ Kf8
23.Bxg5 Qc5+ 24.Kh1 Qxg5 25.Qd1  1/2-1/2

[Event "ECT Open A"]
[Site "Borne NED"]
[Date "2011.08.07"]
[Round "9"]
[White "Zwirs,Nico"]
[Black "Hachijan,A"]
[Result "0-1"]
[WhiteElo "2125"]
[BlackElo "2165"]

1.e4 c5 2.Nf3 e6 3.d4 cxd4 4.Nxd4 a6 5.Nc3 d6 6.g3 Nf6 7.Bg2 Bd7 8.O-O Be7
9.a4 Nc6 10.Nxc6 Bxc6 11.a5 O-O 12.Re1 Qc7 13.Be3 Rac8 14.Bb6 Qb8 15.Nd5 Bxd5
16.exd5 e5 17.Bh3 Rce8 18.c4 Bd8 19.c5 Bxb6 20.cxb6 e4 21.Ra4 Re5 22.Rd4 Qe8
23.Qb3 Qe7 24.Re3 Re8 25.Qc4 g6 26.b4 Rh5 27.Bg2 Qd7 28.Rc3 Qf5 29.h3 Rxh3
30.Bxh3 Qxh3 31.Qf1 Qh5 32.Qg2 Qe2 33.Re3 Qb2 34.Rc4 Ng4 35.Re1 f5 36.Rec1 Ne5
37.Rc8 Rxc8 38.Rxc8+ Kg7 39.Qf1 e3 40.fxe3 Ng4 41.Qe1 Kh6 42.Rc4 Qh2+ 43.Kf1 Qa2
44.Rxg4 fxg4 45.e4 Qb2 46.Qe3+ Kg7 47.e5 dxe5 48.d6 Kf7 49.Qd3 Qc1+ 50.Ke2 Qb2+
51.Qd2 Qxd2+ 52.Kxd2 Ke6 53.b5 Kxd6 54.bxa6 bxa6 55.Ke3 h5 56.Ke4 Kc6 57.Kxe5 h4  0-1